NRW nach Buchstaben - G - Statistiken

Allgemein
  • Dieses Quiz wurde 50 mal gespielt
  • Das Durchschnittsergebnis liegt bei 10 aus 20
Antwortstatistiken
Hinweis Antwort % Korrekt
Stadt der Tausend Feuer im Ruhrgebiet Gelsenkirchen
100%
Popsänger, der Bochum und der Currywurst eine Hymne gab Herbert Grönemeyer
91%
Gibt es in den Ausführungen Mönchen und Bergisch Gladbach
86%
Stadt im Bergischen Land mit dem VfL, der schon einige Male Handballmeister wurde Gummersbach
86%
Stadt in Ostwestfalen und Sitz von Bertelsmann und Miele Gütersloh
86%
Horst Schlämmer wohnt in dieser Stadt an der Erft Grevenbroich
67%
In NRW (und Norddeutschland allgemein) beliebtes Wintergericht mit Mettwurst und Kartoffeln Grünkohl
63%
Ausflugsziel mit Großraumausstellungen in Oberhausen Gasometer
56%
Ruhrpottstadt mit Schloss Wittringen, die beinahe mit Bottrop zusammengeschlossen wurde Gladbeck
49%
Stadt im Kreis Heinsberg mit Bundeswehr und Nato-Stützpunkt Geilenkirchen
47%
Große Parkanlage an der Messe in Essen Grugapark
47%
Bezeichnung für Zünfte in Köln und Name einer Kölsch-Brauerei Gaffel
40%
Bekanntes Braunkohlerevier im Rheinland Garzweiler
37%
Udo Lindenberg wurde in dieser Stadt im Münsterland geboren Gronau
35%
Stadtteil Bonns, in der früher viele Botschaften waren und die SPD endgültig dem Marxismus abschworen Godesberg
33%
Niederrheinische Stadt an der Grenze zur Niederlande, Geburtsort von Kaiser Otto III und Sitz von Derbystar Goch
30%
In dieser Stadt im Ennepe-Ruhr-Kreis haben Lena Oberdorf und Alexandra Popp gewohnt Gevelsberg
28%
Name des beliebten Rübenkrauts der Firma Grafschafter Goldsaft
28%
Ortsteil von Meschede im Sauerland, in dem das Veltins-Bier gebraut wird Grevenstein
21%
Kardinal von Münster, der die nationalsozialistische Euthanasie-Praxis anprangerte Kardinal von Galen
16%
Keine übereinstimmenden Quizze gefunden
Verteilung der Resultate
Anzahl Personen mit jedem Resultat
Perzentil nach korrekt beantworteten Fragen
Ihre Resultats-Entwicklung
Sie haben dieses Quiz noch nicht gespielt